000 00263nam a2200121Ia 4500
100 _aPopov/S
942 _cBK
654 _aCutting Tools
245 _aSharpening of Cutting Tools
260 _bMir Publishers
_aMoscow
_c1972
300 _a399
546 _aENGLISH
999 _c27662
_d27662